Rechnen mit Flächen - Nordamerika - Statistiken

Allgemein
  • Dieses Quiz wurde 13 mal gespielt
  • Das Durchschnittsergebnis liegt bei 4 aus 5
Antwortstatistiken
Fläche ~Land % Korrekt
Kanada (9 984 670) - Nicaragua (120 254) Vereinigte Staaten (9 857 306)
100%
Bahamas (13 880) + Jamaika (10 991) Belize (22 965)
83%
Nicaragua (120 254) - Jamaika (10 991) Kuba (110 860)
83%
St. Kitts und Nevis (261) + St. Vincent und die Grenadinen (389) St. Lucia (616)
83%
Antigua und Barbuda (443) + Grenada (344) Dominica (751)
75%
Keine übereinstimmenden Quizze gefunden
Verteilung der Resultate
Anzahl Personen mit jedem Resultat
Perzentil nach korrekt beantworteten Fragen
Ihre Resultats-Entwicklung
Sie haben dieses Quiz noch nicht gespielt